| 000 | 00000nas 2200000za 4500 |
| 001 | 9.500531 |
| 003 | CaOODSP |
| 005 | 20221107132859 |
| 007 | cr ||||||||||| |
| 008 | 150406c20069999onc x p o f0 a0eng|d |
| 040 | |aCaOODSP|beng |
| 041 | |aeng|afre |
| 043 | |an-cn--- |
| 086 | 1 |aYC23-PDF |
| 110 | 1 |aCanada. |bParliament. |bSenate. |bStanding Committee on Foreign Affairs and International Trade. |
| 245 | 10|aProceedings of the Standing Senate Committee on Foreign Affairs and International Trade |h[electronic resource] = |bDélibérations du Comité sénatorial permanent des affaires étrangères et du commerce international. |
| 246 | 11|aDélibérations du Comité sénatorial permanent des affaires étrangères et du commerce international |
| 260 | |aOttawa : |bSenate, |c2006- |
| 310 | |aIrregular |
| 362 | 0 |aIssue no. 6 (Oct. 24, 2006)- |
| 546 | |aText in English and French. |
| 792 | |tProceedings of the Standing Senate Committee on Foreign Affairs and International Trade |efre|w(CaOODSP)9.500532 |